| 000 | 00600nam a2200217 4500 | ||
|---|---|---|---|
| 008 | |||
| 049 | _aMAIN | ||
| 090 |
_aT56 _bAHU |
||
| 100 | 1 | _aAhuja, K. K. | |
| 245 | 1 | 0 |
_aIndustrial management, _cby K. K. Ahuja |
| 260 |
_aNew Delhi: _bKhanna Publishers, _c1979 |
||
| 300 |
_aiii, 1226 p. : _bill. ; _c21 cm. |
||
| 650 | 0 | _aIndustrial efficiency. | |
| 650 | _aIndustrial management. | ||
| 650 | 0 | _aFactory management. | |
| 907 |
_a.b10210313 _b16-10-17 _c10-08-06 |
||
| 003 | |||
| 005 | 20230123134235.0 | ||
| 040 | _cNUST | ||
| 942 |
_cBOOKS _kT56 _mAHU |
||
| 999 |
_c162456 _d162456 |
||